00193nam a22000857a 4500082002000000100002300020245002500043260003000068300000900098 aTNC A6x5444 D28 aDeshpande, Anirudh aThe stigma of defeat aNew DelhibNehru Memorial a44p.